01204nam a2200193Ia 4500001001100000003001000011008004100021040002500062041001300087100002000100245010400120250001100224260008500235300001200320500026400332501011400596520026400710650003600974L200-54030IT-CnALBA170116s9999||||xx |||||||||||||| ||und|| aIT-CnALBAcIT-CnALBA aITALIANO aBROVELLI FRANCO 0aL'APOSTOLO E LA SUA COMUNITÀ. UN DIALOGO CON LA PRIMA LETTERA DI PAOLO AI CRISTIANI DI CORINTO.  a1a ed. a MILANO BOLOGNAbANCORA EDITRICE c1995 [1° Ed.:1995 - Ed.Ling.Originale: 1995] a176 p.  aINTRODUZIONE. STORIA DELL'APOSTOLO E LA COMUNITÀ NASCENTE. I CARATTERI DELLA EVANGELIZZAZIONE AUTENTICA. PAOLO E LA SUA PROSPETTIVA DIFFERENTE, MARANGON A. BIANCHI E. ALLA LUCE DELLE QUESTIONI CONCRETE. E LE DINAMICHE DELLA COMUNITÀ, MAGGIONI BR. ELOGIO D aSocietà San Paolo EM - Piazza San Paolo, 14 - 12051 ALBA (CN) (non commercial uses only) ® Copyright 2017 aINTRODUZIONE. STORIA DELL'APOSTOLO E LA COMUNITÀ NASCENTE. I CARATTERI DELLA EVANGELIZZAZIONE AUTENTICA. PAOLO E LA SUA PROSPETTIVA DIFFERENTE, MARANGON A. BIANCHI E. ALLA LUCE DELLE QUESTIONI CONCRETE. E LE DINAMICHE DELLA COMUNITÀ, MAGGIONI BR. ELOGIO D aRELIGIONE - RELIGIONE CRISTIANA